000 00738nam a2200241 a 4500
001 50256
003 BD-RjUL
005 20211209075500.0
008 160823s1959 nyua 000 0 eng
035 _a(BD-RjUL)50376
035 _a(OCoLC)494791
040 _aDLC
_cODaWU
_dBD-RjUL
_dDLC
_beng
041 _aeng
082 _a371.73
_bCAC 1959
100 1 _aCassidy, Rosalind Frances
_d1895-
_9150624
245 1 0 _aCounseling in the physical education program /
_cRosalind Frances Cassidy,
260 _aNew York :
_bAppleton-Century-Crofts,
_c1959
300 _a156 p.:
_billus.,
_c22 cm.
490 0 _aCurrent problems in education
650 0 _aPhysical education and training.
_9150625
942 _2ddc
_cBK
999 _c50256
_d50256